00535nam a2200109Ia 4500008004100000020002200041245022000063260008000283300002200363500001900385650002100404200903s9999 xx 000 0 und d a978-971-9694-04-5 cEdtors Mary Grace C. Lacanaria, Glenda A. Vargas, Elizabeth R. Roxas, etc.aResource manual bachelor of science in nursing outcomes-based education curriculum:binstructional design for professional nursing courses/ aManila:bAssociation of Deans of Philippine Colleges of Nursing, Inc.c2019 a324 pagesc30 cm. aIncludes index aAlgebras, linear